00491 2200193 4500001002100000005001500021008004100036020002200077035001900099041000700118082000800125090001400133100001500147245004700162260002900209300002900238500001100267650001900278INLIS00000000000233120241224112522241224||||||||| | ||| |||| || |  a978-602-7723-24-5 0010-1224002331 aid0 a610 a610 ADI p0 aAdi Tilong00aPantangan & Anjuran Beragam Penyakit Kakap ayogyakatabLaksanac2012 a187 hlm. : ilus. ; 20 cm aCet. 1 0aILMU KESEHATAN